Days at the Torunka Café : a novel /
"Tucked away on a narrow side street in Tokyo is the Torunka Café, a neighborhood nook where the passersby are as likely to be local cats as tourists. Its regulars include Chinatsu Yukimura, a mysterious young woman who always leaves behind a napkin folded into the shape of a ballerina; Hiroyuk...
| Main Author: | |
|---|---|
| Other Authors: | |
| Format: | Book |
| Language: | English Japanese |
| Published: |
London :
Manilla,
2025.
|
| Subjects: | |
| Classic Catalogue: | View this record in Classic Catalogue |
| LEADER | 02291nam a22004218i 4500 | ||
|---|---|---|---|
| 001 | 45242 | ||
| 003 | BD-DhAAL | ||
| 005 | 20251229163229.0 | ||
| 007 | t| | ||
| 008 | 251229t20222025enk 000 f eng | ||
| 010 | |a 2025021101 | ||
| 020 | |a 9780063445857 | ||
| 020 | |a 9781786587206 | ||
| 020 | |a 9781786587572 | ||
| 020 | |z 9780063445871 | ||
| 035 | |a 24201612 | ||
| 035 | |a (DLC)24201612 | ||
| 040 | |a DLC |b eng |e rda |c DLC |d DLC |d DLC-MRC | ||
| 041 | 1 | |a eng |h jpn | |
| 042 | |a pcc | ||
| 050 | 0 | 0 | |a PL877.5.A348 |b J8613 2025 |
| 082 | 0 | 0 | |a 895.636 |2 23 |
| 100 | 1 | |a Yagisawa, Satoshi, |d 1977- |e author |4 aut |4 http://id.loc.gov/vocabulary/relators/aut |9 60027 | |
| 240 | 1 | 0 | |6 880-02 |a Junkissa Torunka. |l English |
| 245 | 1 | 0 | |a Days at the Torunka Café : |b a novel / |c Satoshi Yagisawa ; translated from the Japanese by Eric Ozawa. |
| 260 | |a London : |b Manilla, |c 2025. | ||
| 300 | |a 240 pages ; |c 20 cm | ||
| 520 | |a "Tucked away on a narrow side street in Tokyo is the Torunka Café, a neighborhood nook where the passersby are as likely to be local cats as tourists. Its regulars include Chinatsu Yukimura, a mysterious young woman who always leaves behind a napkin folded into the shape of a ballerina; Hiroyuki Yumata, a middle-aged man who's returned to the neighborhood searching for the happy life he once gave up; and Shizuku, the café owner's teenage daughter, who is still coming to terms with her sister's death as she falls in love for the first time."-- Provided by publisher. | ||
| 541 | |a Donated by Farhana Zahir, Assistant Professor, BRAC Business School, BRAC University |e 45242 | ||
| 650 | |a Coffee shops |v Fiction. |9 60028 | ||
| 650 | |a Interpersonal relations |v Fiction. | ||
| 651 | |a Tokyo (Japan) |v Fiction. |9 6187 | ||
| 655 | 7 | |a Novels |2 lcgft | |
| 700 | 1 | |a Ozawa, Eric |e translator |9 60029 | |
| 880 | 1 | 0 | |6 240-02/$1 |a 純喫茶トルンカ |
| 942 | |2 ddc |c BK | ||
| 999 | |c 47691 |d 47691 | ||
| 952 | |0 0 |1 0 |2 ddc |4 0 |6 895_636000000000000_YAG |7 0 |9 78653 |a BRACUL |b BRACUL |c NEW |d 2025-12-29 |e Donated by Farhana Zahir, Assistant Professor, BRAC Business School, BRAC University |l 4 |m 14 |o 895.636 YAG |p 3010045242 |r 2026-05-16 |s 2026-04-02 |t 1 |w 2025-12-29 |y BK |x Donated copy received from Farhana Zahir, Assistant Professor, BRAC Business School, BRAC University on 19 November 2025; £10.99 | ||